[Event "Liga Insular Gran Canaria Preferente"]
[Site "Las Palmas"]
[Date "2019.05.18"]
[Round "7.2"]
[White "Ruiz Romero, Manuel"]
[Black "Diaz Suarez, Hugo"]
[Result "0-1"]
[WhiteElo "1824"]
[BlackElo "2043"]
[PlyCount "64"]
[EventDate "2019.03.02"]
[EventType "team-tourn"]
[EventRounds "9"]
[EventCountry "ESP"]
[SourceTitle "EXT 2021"]
[Source "ChessBase"]
[SourceDate "2020.10.23"]
[SourceVersion "1"]
[SourceVersionDate "2020.10.23"]
[SourceQuality "1"]
[WhiteTeam "Anand"]
[BlackTeam "Villa de Teror"]
[WhiteTeamCountry "ESP"]
[BlackTeamCountry "ESP"]

1. e4 c6 2. Nc3 d5 3. exd5 cxd5 4. d4 Nc6 5. Bf4 Bf5 6. g4 Bg6 7. h4 h5 8. Be2 hxg4 9. Bxg4 e6 10. Qd2 Rxh4 11. Bh3 Qa5 12. Nf3 Rxf4 13. Qxf4 Bb4 14. Qd2 Nf6 15. Ng5 0-0-0 16. f4 Ne4 17. Ngxe4 dxe4 18. 0-0-0 Nxd4 19. Qe3 Bxc3 20. Qxc3+ Qxc3 21. bxc3 Ne2+ 22. Kb2 Rxd1 23. Rxd1 Nxf4 24. Bf1 Bh5 25. Re1 Bf3 26. Kc1 g5 27. Kd2 g4 28. Ke3 Nd5+ 29. Kd4 g3 30. c4 Nf4 31. c5 g2 32. Bxg2 Nxg2 0-1

[Event "Las Palmas Insular-chT Segunda 1718"]
[Site "Las Palmas"]
[Date "2017.11.11"]
[Round "2.1"]
[White "Ruiz Romero, Manuel"]
[Black "Andonegui Echeburua, Jose Luis"]
[Result "1/2-1/2"]
[WhiteElo "1820"]
[BlackElo "1595"]
[PlyCount "96"]
[EventDate "2017.10.28"]
[EventType "team-swiss"]
[EventRounds "9"]
[EventCountry "ESP"]
[SourceTitle "EXT 2019"]
[Source "ChessBase"]
[SourceDate "2018.10.10"]
[SourceVersion "1"]
[SourceVersionDate "2018.10.10"]
[SourceQuality "1"]
[WhiteTeam "Anand II"]
[BlackTeam "Hotel Avda de Canarias V"]
[WhiteTeamCountry "ESP"]
[BlackTeamCountry "ESP"]

1. e4 c5 2. Nf3 d6 3. d4 cxd4 4. Nxd4 Nf6 5. Nc3 a6 6. h3 e6 7. g4 h6 8. Be3 Qc7 9. Qd2 Nbd7 10. f4 e5 11. Nf5 Nc5 12. Bg2 b5 13. g5 b4 14. gxf6 bxc3 15. Qxc3 gxf6 16. 0-0-0 Bxf5 17. exf5 Rc8 18. b4 Nd7 19. Qb3 exf4 20. Bxf4 Ne5 21. Bxe5 fxe5 22. f6 Rg8 23. Be4 Qc4 24. Bd3 Qxb3 25. axb3 Ra8 26. Be4 Ra7 27. Rhg1 Rg5 28. h4 Rxg1 29. Rxg1 h5 30. Rg8 Rc7 31. Bd3 Rc8 32. Bxa6 Rb8 33. c3 Kd7 34. Rh8 Ke6 35. Rxh5 Kxf6 36. Bd3 d5 37. b5 e4 38. Rxd5 exd3 39. Kd2 Ke6 40. c4 f5 41. Kxd3 Bb4 42. h5 Rh8 43. b6 Rxh5 44. b7 Rh3+ 45. Ke2 Rh8 46. Rb5 Bd6 47. c5 Bc7 48. c6 Kd6 1/2-1/2

[Event "Las Palmas Insular-chT Pref-B"]
[Site "Las Palmas"]
[Date "2016.02.06"]
[Round "11.4"]
[White "Sanchez Perez, Pedro Javier"]
[Black "Ruiz Romero, Manuel"]
[Result "1/2-1/2"]
[WhiteElo "1919"]
[BlackElo "2039"]
[PlyCount "89"]
[EventDate "2015.10.17"]
[EventType "team-tourn"]
[EventRounds "14"]
[EventCountry "ESP"]
[SourceTitle "EXT 2017"]
[Source "ChessBase"]
[SourceDate "2016.10.25"]
[SourceVersion "1"]
[SourceVersionDate "2016.10.25"]
[SourceQuality "1"]
[WhiteTeam "Video Vigilancias Canarias"]
[BlackTeam "Anand"]
[WhiteTeamCountry "ESP"]
[BlackTeamCountry "ESP"]

1. e4 g6 2. d4 Bg7 3. Nf3 c5 4. c3 cxd4 5. Nxd4 Nc6 6. Nxc6 bxc6 7. g3 a5 8. b3 Rb8 9. Bb2 a4 10. Qc2 Qb6 11. Nd2 Nh6 12. Be2 Qc5 13. b4 Rxb4 14. Ba3 Qxc3 15. Qxc3 Bxc3 16. Bxb4 Bxa1 17. Bd1 a3 18. Bxa3 Bc3 19. Bc1 Ba6 20. Be2 Bxe2 21. Kxe2 Ng4 22. f3 Ne5 23. Nb3 d6 24. f4 Nd7 25. Kd3 Bg7 26. a4 c5 27. a5 Nb8 28. Kc4 Kd7 29. Bd2 Kc6 30. Rb1 Nd7 31. a6 Ra8 32. Na5+ Kc7 33. Rb7+ Kc8 34. a7 Bd4 35. Kd5 Nf6+ 36. Kc6 c4 37. Rxe7 Rxa7 38. Rxa7 Bxa7 39. Nxc4 Nxe4 40. Nxd6+ Nxd6 41. Kxd6 Kd8 42. g4 Bb8+ 43. Kd5 Kd7 44. h3 Bd6 45. Be3 1/2-1/2

[Event "Las Palmas Insular-chT Pref-B"]
[Site "Las Palmas"]
[Date "2016.01.16"]
[Round "9.4"]
[White "Suarez Buceta, Melquiades"]
[Black "Ruiz Romero, Manuel"]
[Result "0-1"]
[WhiteElo "1720"]
[BlackElo "2039"]
[PlyCount "85"]
[EventDate "2015.10.17"]
[EventType "team-tourn"]
[EventRounds "14"]
[EventCountry "ESP"]
[SourceTitle "CBM 170 Extra"]
[Source "ChessBase"]
[SourceDate "2016.02.25"]
[SourceVersion "1"]
[SourceVersionDate "2016.02.25"]
[SourceQuality "1"]
[WhiteTeam "Telde Los Llanos"]
[BlackTeam "Anand"]
[WhiteTeamCountry "ESP"]
[BlackTeamCountry "ESP"]

1. d4 Nf6 2. c4 g6 3. Nc3 d5 4. Bf4 Bg7 5. e3 c6 6. Nf3 0-0 7. Rc1 e6 8. Be2 dxc4 9. Bxc4 Nd5 10. Bg3 Nxc3 11. bxc3 b6 12. 0-0 Bb7 13. Qe2 Nd7 14. Rfd1 Qc8 15. Bb3 c5 16. c4 cxd4 17. exd4 Qc6 18. d5 exd5 19. cxd5 Qf6 20. Rc7 Rfe8 21. Qc2 Nc5 22. d6 Nxb3 23. Rxb7 Nc5 24. Rc7 Qe6 25. h3 h6 26. d7 Red8 27. Rd6 Qe7 28. Qc4 Rxd7 29. Rdxd7 Nxd7 30. Qc6 Rd8 31. Rxa7 Ne5 32. Qxb6 Nxf3+ 33. gxf3 Qe1+ 34. Kg2 Rd1 35. Bh2 Qh1+ 36. Kg3 Be5+ 37. f4 Rd3+ 38. Qe3 Bxf4+ 39. Kxf4 Qxh2+ 40. Ke4 Rxe3+ 41. Kxe3 Qxh3+ 42. Ke2 Qe6+ 43. Kf1 0-1

[Event "Las Palmas Insular-chT Pref-B"]
[Site "Las Palmas"]
[Date "2015.11.07"]
[Round "2.4"]
[White "Ruiz Romero, Manuel"]
[Black "Santiago Llanes, Jose Juan"]
[Result "1-0"]
[WhiteElo "2039"]
[BlackElo "1661"]
[PlyCount "91"]
[EventDate "2015.10.17"]
[EventType "team-tourn"]
[EventRounds "14"]
[EventCountry "ESP"]
[SourceTitle "CBM 170 Extra"]
[Source "ChessBase"]
[SourceDate "2016.02.25"]
[SourceVersion "1"]
[SourceVersionDate "2016.02.25"]
[SourceQuality "1"]
[WhiteTeam "Anand"]
[BlackTeam "Telde Los Llanos"]
[WhiteTeamCountry "ESP"]
[BlackTeamCountry "ESP"]

1. e4 d5 2. exd5 Qxd5 3. Nc3 Qa5 4. d4 Nf6 5. Bd2 c6 6. Nf3 Bf5 7. Bc4 e6 8. Nd5 Qd8 9. Nxf6+ gxf6 10. Bc3 Nd7 11. Qe2 Nb6 12. Bb3 Nd5 13. Bd2 Bd6 14. Nh4 Bg6 15. Nxg6 hxg6 16. h4 Qe7 17. g3 Qd7 18. c4 Nc7 19. 0-0-0 0-0-0 20. h5 Be7 21. Be3 Qe8 22. Kb1 Kb8 23. hxg6 fxg6 24. Rxh8 Qxh8 25. Bf4 e5 26. dxe5 Rxd1+ 27. Bxd1 fxe5 28. Qxe5 Qxe5 29. Bxe5 Bc5 30. f4 b6 31. Bc2 g5 32. fxg5 Kb7 33. g6 Ne6 34. g7 Nxg7 35. Bxg7 Kc7 36. Be5+ Kd7 37. Bf5+ Ke7 38. g4 Be3 39. Kc2 b5 40. Kd3 Bg5 41. c5 a5 42. Bd6+ Ke8 43. Ke4 a4 44. Be6 Bc1 45. b3 axb3 46. axb3 1-0

[Event "Las Palmas Insular-chT Pref-A"]
[Site "Las Palmas"]
[Date "2015.03.21"]
[Round "11.3"]
[White "Ruiz Romero, Manuel"]
[Black "Moreno Ramos, Aristides"]
[Result "1-0"]
[WhiteElo "2038"]
[BlackElo "1734"]
[PlyCount "125"]
[EventDate "2014.11.22"]
[EventType "team-tourn"]
[EventRounds "14"]
[EventCountry "ESP"]
[SourceTitle "EXT 2016"]
[Source "ChessBase"]
[SourceDate "2015.10.08"]
[SourceVersion "1"]
[SourceVersionDate "2015.10.08"]
[SourceQuality "1"]
[WhiteTeam "Anand Iberia II"]
[BlackTeam "La Montana"]
[WhiteTeamCountry "ESP"]
[BlackTeamCountry "ESP"]

1. e4 e5 2. Nf3 Nc6 3. Bc4 Bc5 4. d4 Bxd4 5. c3 Bb6 6. Ng5 Nh6 7. Nf3 Ng4 8. Bxf7+ Kxf7 9. Ng5+ Kf8 10. Qxg4 Qf6 11. 0-0 d6 12. Qh5 h6 13. Nf3 g5 14. Be3 Ne7 15. h4 Ng6 16. hxg5 hxg5 17. Qxg5 Qxg5 18. Bxg5 Bg4 19. Nbd2 Rh5 20. Be3 Kg7 21. Rfe1 Rah8 22. Kf1 Nf4 23. Bxf4 exf4 24. Nc4 Re8 25. Nxb6 axb6 26. Ng1 Rh2 27. f3 Be6 28. Ne2 Bc4 29. Kg1 Rh4 30. Nd4 Kf6 31. b3 Bf7 32. c4 Ke5 33. Rad1 Reh8 34. Kf2 Rh2 35. Nb5 Rc8 36. Rh1 Rxh1 37. Rxh1 c6 38. Nc3 b5 39. Rh7 Be6 40. Rh5+ Kf6 41. cxb5 cxb5 42. Nd5+ Bxd5 43. Rxd5 Rc2+ 44. Kg1 Rxa2 45. Rxd6+ Ke7 46. Rb6 Rb2 47. Rxb7+ Ke6 48. Rxb5 Rb1+ 49. Kh2 Rb2 50. Kh3 Rb1 51. Kg4 Rb2 52. Kxf4 Rxg2 53. Rb6+ Kd7 54. e5 Rf2 55. Ke3 Rg2 56. f4 Rg3+ 57. Ke4 Rh3 58. b4 Rh4 59. b5 Rh5 60. Kd5 Rf5 61. Rf6 Rh5 62. b6 Rh7 63. Rf7+ 1-0

[Event "Las Palmas Insular-chT Pref-A"]
[Site "Las Palmas"]
[Date "2015.03.14"]
[Round "10.3"]
[White "Ruiz Romero, Manuel"]
[Black "Amador Garcia, Ismael"]
[Result "1-0"]
[WhiteElo "2038"]
[BlackElo "1519"]
[PlyCount "72"]
[EventDate "2014.11.22"]
[EventType "team-tourn"]
[EventRounds "14"]
[EventCountry "ESP"]
[SourceTitle "EXT 2016"]
[Source "ChessBase"]
[SourceDate "2015.10.08"]
[SourceVersion "1"]
[SourceVersionDate "2015.10.08"]
[SourceQuality "1"]
[WhiteTeam "Anand Iberia II"]
[BlackTeam "Dominicas"]
[WhiteTeamCountry "ESP"]
[BlackTeamCountry "ESP"]

1. e4 c5 2. Nf3 d6 3. d4 cxd4 4. Nxd4 Nf6 5. Nc3 g6 6. Be2 Bg7 7. Be3 0-0 8. h4 h5 9. f3 Nc6 10. g4 Ne5 11. gxh5 gxh5 12. Rg1 Kh7 13. Nd5 Nxd5 14. exd5 Qa5+ 15. c3 Qxd5 16. Rxg7+ Kxg7 17. Nf5+ Bxf5 18. Qxd5 b6 19. Bd4 f6 20. Bxe5 fxe5 21. f4 exf4 22. Qd4+ Kg6 23. Qxf4 Bg4 24. Qg5+ Kf7 25. Bxg4 hxg4 26. Qxg4 Rg8 27. Qf3+ Ke6 28. 0-0-0 Raf8 29. Re1+ Kd7 30. Qb7+ Kd8 31. Rxe7 Rf1+ 32. Kc2 Rg2+ 33. Kb3 Rxb2+ 34. Kxb2 Rf2+ 35. Kb3 Rb2+ 36. Kxb2 d5 1-0

[Event "Las Palmas Insular-chT Pref-A"]
[Site "Las Palmas"]
[Date "2015.01.24"]
[Round "5.2"]
[White "Mena Trujillo, Yeray"]
[Black "Ruiz Romero, Manuel"]
[Result "0-1"]
[WhiteElo "1832"]
[BlackElo "2038"]
[PlyCount "110"]
[EventDate "2014.11.22"]
[EventType "team-tourn"]
[EventRounds "14"]
[EventCountry "ESP"]
[SourceTitle "EXT 2016"]
[Source "ChessBase"]
[SourceDate "2015.10.08"]
[SourceVersion "1"]
[SourceVersionDate "2015.10.08"]
[SourceQuality "1"]
[WhiteTeam "Grandama Santa Lucia"]
[BlackTeam "Anand Iberia II"]
[WhiteTeamCountry "ESP"]
[BlackTeamCountry "ESP"]

1. e4 d6 2. d4 Nf6 3. Nc3 g6 4. Bg5 Bg7 5. Qe2 0-0 6. 0-0-0 Ne8 7. e5 f6 8. Bh4 c6 9. f4 Bh6 10. Nh3 Bxh3 11. gxh3 Bxf4+ 12. Kb1 d5 13. Qg4 Bh6 14. Rg1 Ng7 15. Bd3 Qd7 16. Qg2 f5 17. Ne2 Na6 18. Bg5 Bxg5 19. Qxg5 Nc7 20. h4 Nce6 21. Qh6 Qe8 22. h5 g5 23. Ng3 Nf4 24. Nxf5 Rxf5 25. Bxf5 Qxh5 26. Qxh5 Nfxh5 27. Rxg5 h6 28. Rgg1 Rf8 29. Bg6 Nf4 30. Bd3 Nxd3 31. Rxd3 Kh7 32. a3 e6 33. c3 Rf2 34. Rdg3 Rf7 35. Rg6 h5 36. Rf6 Re7 37. Kc2 Ne8 38. Rf3 Ng7 39. Kd2 Nf5 40. Rf4 b6 41. Rg5 Kh6 42. Rg8 Rg7 43. Rxg7 Kxg7 44. Ke2 Kg6 45. a4 h4 46. a5 Kg5 47. Rf1 c5 48. Rg1+ Kf4 49. axb6 axb6 50. Rg6 cxd4 51. Rxe6 Ke4 52. Re8 d3+ 53. Kd2 Ne3 54. Rh8 Nc4+ 55. Kd1 Ke3 0-1

[Event "Las Palmas Insular-chT Primera-A"]
[Site "Las Palmas"]
[Date "2012.03.17"]
[Round "13.2"]
[White "Diaz Perez, Jose Juan"]
[Black "Ruiz Romero, Manuel"]
[Result "0-1"]
[WhiteElo "1749"]
[BlackElo "2043"]
[PlyCount "72"]
[EventDate "2011.11.12"]
[EventType "team-tourn"]
[EventRounds "14"]
[EventCountry "ESP"]
[SourceTitle "EXT 2013"]
[Source "ChessBase"]
[SourceDate "2012.11.22"]
[SourceVersion "1"]
[SourceVersionDate "2012.11.22"]
[SourceQuality "1"]
[WhiteTeam "Claudio Mendoza"]
[BlackTeam "Anand Iberia"]
[WhiteTeamCountry "ESP"]
[BlackTeamCountry "ESP"]

1. d4 d5 2. c4 c5 3. cxd5 Nf6 4. Nf3 Bf5 5. Qa4+ Qd7 6. Qxd7+ Nbxd7 7. Nc3 0-0-0 8. Bf4 Nb6 9. Nb5 Nbxd5 10. Nxa7+ Kd7 11. Bg3 e6 12. e3 Ne4 13. Ne5+ Ke7 14. Bh4+ g5 15. Bg3 Nxg3 16. hxg3 cxd4 17. exd4 Nb4 18. Kd2 Nc2 19. Rc1 Nxd4 20. Ke3 Kf6 21. Nd3 h5 22. a4 g4 23. Nb5 Bh6+ 24. Nf4 Nc2+ 25. Ke2 Bxf4 26. gxf4 Bd3+ 27. Kd2 Bxf1+ 28. Kxc2 Bxg2 29. Rhe1 h4 30. Nc3 h3 31. Ne2 h2 32. Ng3 Rd4 33. b3 Rxf4 34. Nh1 Bxh1 35. Rxh1 Rxf2+ 36. Kc3 g3 0-1